000 00780cam a2200205 4500
001 WB3713-10
008 000000n2001 000 0 eng u
035 _a(Sirsi) u111720
245 _aMajor review of housing tenure law
260 _c2001
490 _aDETR Press Release
_v (180) 26 March 2001, (3)
520 _aThe Law Commission is to undertake a review of housing tenure law aimed at establishing a simplified and modern structure for the social and private rented sector. These are based on issues raised in its "Reform of Housing Law: a scoping paper" Available at www.lawcom.gov.uk
590 _aWB
650 _aLAW COMMISSION
650 _aHOUSING TENURE
650 _aPRIVATE RENTED SECTOR
650 _aSOCIAL HOUSING
690 _aHOUSING
942 _n0
999 _c66561
_d66561